| 000 | 008770000a22002290004500 | ||
|---|---|---|---|
| 020 | _a0-521-43285-5 | ||
| 082 | 0 | 4 | _aG 230 T68t |
| 100 | 1 | _aLoughlin, Gerard | |
| 245 | 1 | 0 | _aTelling God's story : Bible, church and narrative theology / Gerard Loughlin |
| 260 | _aCambridge, England : Cambridge University Press | ||
| 300 | _axv, 266 páginas | ||
| 500 | _aIncluye índice (p. 262-266) | ||
| 501 | _aPasta dura | ||
| 504 | _aIncluye bibliografía (p. 246-261) | ||
| 505 | 0 | 0 | _aContando la historia de Dios: Biblia, iglesia y teología narrativa - El consumo de texto - Lectura y escritura - Vínculos - Comiendo la palabra |
| 650 | 1 | 4 | _aDios (Historia de las doctrinas) \ Biblia - Interpretación \ Biblia - Teología |
| 001 | 19972 | ||
| 942 | _cBK | ||
| 999 |
_c46328 _d46328 |
||
| 336 |
_atexto _btxt _2rdacontent |
||
| 337 |
_2rdamedia _asin mediación _bn |
||
| 338 |
_2rdacarrier _avolumen _bnc |
||